Los retos teóricos de los estudios del trabajo hacia el siglo XXI/ /

Saved in:
Bibliographic Details
Main Author: Garza Toledo, Enrique de la
Format: Unknown
Published: Buenos Aires: CLACSO. ASDI
Subjects:
Tags: Add Tag
No Tags, Be the first to tag this record!

MARC

LEADER 00000 a2200000 04500
001 11420
003
008 991231s d
040
090 |a 139407  
100 |a Garza Toledo, Enrique de la  
245 |a Los retos teóricos de los estudios del trabajo hacia el siglo XXI/ /  |c Enrique de la Garza Toledo 
260 |a Buenos Aires:   |b CLACSO. ASDI  
300 |a 254 p.  
650 |a TRABAJO  
650 |a SOCIOLOGIA  
650 |a DEMOCRACIA  
650 |a RELACIONES LABORALES  
650 |a SOCIEDAD  
650 |a EQUIDAD SOCIAL  
650 |a EMPLEO  
650 |a ECONOMIA  
650 |a FMI  
999 |c 16196  |d 16196